Statistics for English Premier League 2013-14 Season

Click here to take the quiz!

General Stats

  • This quiz has been taken 213 times
  • The average score is 9 of 11

Answer Stats

HintAnswer% Correct
Which team won the EPL title?Manchester City
100%
Third?Chelsea
99%
Which team got second?Liverpool
98%
Fourth?Arsenal
97%
How many league goals did he score?31
87%
Who was the leading scorer?Luis Suarez
87%
Name the three teams that got relegatedNorwich City
76%
How many league assists did he have?13
75%
Fulham
67%
Cardiff City
61%
Who had the most assists?Steven Gerrard
57%

Score Distribution

Percentile by Number Answered

Percent of People with Each Score

Your Score History

You have not taken this quiz